Speeches and Writings of Gopal Krishna Gokhale (Record no. 6504)
[ view plain ]
| 000 -LEADER | |
|---|---|
| fixed length control field | 00332nam a2200121Ia 4500 |
| 020 ## - INTERNATIONAL STANDARD BOOK NUMBER | |
| ISBN | 9788190665070 |
| 082 ## - DEWEY DECIMAL CLASSIFICATION NUMBER | |
| Classification number | RR 923.254 SPE- |
| 100 ## - MAIN ENTRY--AUTHOR NAME | |
| Personal name | Mujawar, W.R./s |
| 245 #0 - TITLE STATEMENT | |
| Title | Speeches and Writings of Gopal Krishna Gokhale |
| 260 ## - PUBLICATION, DISTRIBUTION, ETC. (IMPRINT) | |
| Place of publication | Delhi |
| Name of publisher | Manglam Publications |
| Year of publication | 2009 |
| 942 ## - ADDED ENTRY ELEMENTS (KOHA) | |
| Koha item type | Books |
| Withdrawn status | Lost status | Damaged status | Not for loan | Home library | Current library | Date acquired | Source of acquisition | Bill Date | Full call number | Accession Number | Price effective from | Koha item type |
|---|---|---|---|---|---|---|---|---|---|---|---|---|
| NASSDOC Library | NASSDOC Library | 24/02/2009 | PARAM | 2008-12-30 | RR 923.254 SPE- | 45162 | 18/04/2019 | Books | ||||
| NASSDOC Library | NASSDOC Library | 24/02/2009 | PARAM | 2008-12-30 | RR 923.254 SPE- | 45163 | 18/04/2019 | Books | ||||
| NASSDOC Library | NASSDOC Library | 24/02/2009 | PARAM | 2008-12-30 | RR 923.254 SPE- | 45164 | 18/04/2019 | Books | ||||
| NASSDOC Library | NASSDOC Library | 24/02/2009 | PARAM | 2008-12-30 | RR 923.254 SPE- | 45165 | 18/04/2019 | Books |
